00904nam a2200205Ia 4500003000900000008004100009020001800050040001600068080002300084111008500107245022300192260004000415300001300455650002900468700002800497700002900525942000700554999001700561952012000578IN-BaIIA211028s9999 xx 000 0 eng d a0-7503-0419-7 cIIA Library a530.12(082.1)bGEN aScottish Universities Summer School in Physicsn46thcScotlandd1995 July921795 0aGeneral relativitybproceedings of the Forty Sixth Scottish Universities Summer School in Physics held in Aberdeen, Scotland, Jul 1995cedited by G. S. Hall and J. R. Pulham  aBristolbInstitute of Physicsc1996 ax, 422p. aGeneral relativity93824 aHall, G. S., ed.921796 aPulham, J. R. ed.921797 cBK c12450d12450 00104070aBANbBANcGENd1998-03-18eWP l0o530.12(082.1)/ GENp13366r2021-11-05w1998-03-18yBKG£ 25.00